Central Library OPAC University of Rajshahi

Karl Marx : (Record no. 38015)

MARC details
000 -LEADER
fixed length control field 00792nam a2200265 a 4500
001 - CONTROL NUMBER
control field 38015
003 - CONTROL NUMBER IDENTIFIER
rucl marc code BD-RjUL
005 - DATE AND TIME OF LATEST TRANSACTION
control field 20211209052715.0
008 - FIXED-LENGTH DATA ELEMENTS--GENERAL INFORMATION
fixed length control field 150827r19661936nyu 001 0 eng
035 ## - SYSTEM CONTROL NUMBER
System control number (BD-RjUL) 38120
040 ## - CATALOGING SOURCE
Original cataloging agency DLC
Transcribing agency SOI
Modifying agency SOI
-- BD-RjUL
Language of cataloging eng
041 1# - LANGUAGE CODE
Language code of text/sound track or separate title eng
Language code of original ger
082 ## - DEWEY DECIMAL CLASSIFICATION NUMBER
Classification number 923.4092
Author mark and year MEK 1966
100 1# - MAIN ENTRY--PERSONAL NAME
Personal name Mehring, Franz,
Dates associated with a name 1846-1919.
9 (RLIN) 117747
245 10 - TITLE STATEMENT
Title Karl Marx :
Remainder of title The story of his life /
260 ## - PUBLICATION, DISTRIBUTION, ETC. (IMPRINT)
Place of publication, distribution, etc. London :
Name of publisher, distributor, etc. George Allen & Unwin Ltd,
Date of publication, distribution, etc. 1966
300 ## - PHYSICAL DESCRIPTION
Pagination xxi, 575 p. :
Size 23 cm
504 ## - BIBLIOGRAPHY, ETC. NOTE
Bibliography, etc includes bibliography and index
600 10 - SUBJECT ADDED ENTRY--PERSONAL NAME
Personal name Marx, Karl,
Dates associated with a name 1818-1883.
650 ## - SUBJECT ADDED ENTRY--TOPICAL TERM
Source of heading or term Communists
Form subdivision Germany
9 (RLIN) 117753
651 ## - SUBJECT ADDED ENTRY--GEOGRAPHIC NAME
Geographic name Socialism
9 (RLIN) 117754
700 1# - ADDED ENTRY--PERSONAL NAME
Personal name Fitzgerald, Edward,
Dates associated with a name 1902-1966.
942 ## - ADDED ENTRY ELEMENTS (KOHA)
Source of classification or shelving scheme Dewey Decimal Classification
Koha item type Books
Holdings
Lost status Source of classification or shelving scheme Damaged status Not for loan Collection code Permanent Location Current Location Shelving location Date acquired Source of acquisition Total Checkouts Full call number Date last seen Copy number Koha item type Cost, normal purchase price
  Dewey Decimal Classification     Non-fiction Central Library, University of Rajshahi Central Library, University of Rajshahi   22/10/1990 Shakat Osman, Dhaka   335.4092 MEK 1966 27/08/2015 C-2 Books  
  Dewey Decimal Classification     Non-fiction Central Library, University of Rajshahi Central Library, University of Rajshahi   26/06/2016 Swits and Zeitlinngers   335.4092 MEK 1966 26/06/2016 C-3 Books 42.00